<?xml version="1.0" encoding="UTF-8"?>
<collection xmlns="http://www.loc.gov/MARC21/slim">
 <record>
  <leader>00446pamaa2200145   4500</leader>
  <controlfield tag="001">0000020372</controlfield>
  <controlfield tag="005">20070720090000.0</controlfield>
  <datafield tag="020" ind1="0" ind2="0">
   <subfield code="a">0852304898 </subfield>
  </datafield>
  <datafield tag="090" ind1="0" ind2="0">
   <subfield code="a">PR1178 </subfield>
   <subfield code="b">HAG 1994</subfield>
  </datafield>
  <datafield tag="100" ind1="1" ind2="0">
   <subfield code="a">Hagger </subfield>
  </datafield>
  <datafield tag="245" ind1="1" ind2="2">
   <subfield code="a">A white radiance : </subfield>
   <subfield code="b">the collected poems, 1958-1993  </subfield>
   <subfield code="c">Nicholas Hagger.</subfield>
  </datafield>
  <datafield tag="260" ind1="0" ind2="0">
   <subfield code="a">Dorset: </subfield>
   <subfield code="b">Element, </subfield>
   <subfield code="c">1994.</subfield>
  </datafield>
  <datafield tag="300" ind1=" " ind2=" ">
   <subfield code="a">axx, 715p.: </subfield>
   <subfield code="b">ill.; </subfield>
   <subfield code="c">24cm.</subfield>
  </datafield>
  <datafield tag="504" ind1="0" ind2="0">
   <subfield code="a">Includes bibliographical references (p. 592-701) and index</subfield>
  </datafield>
  <datafield tag="650" ind1="0" ind2="0">
   <subfield code="a">English poetry </subfield>
  </datafield>
 </record>
</collection>
